Geography Quiz #3 - Statistics

General Stats
  • This quiz has been taken 13 times
  • The average score is 11 of 16
Answer Stats
Picture Answer % Correct
Caspian Sea
92%
Nile River
92%
Scotland
92%
Somalia
92%
Tasmania
83%
Hudson Bay
75%
Iran
75%
Baltic Sea
67%
Massachusetts
67%
Newfoundland
58%
Patagonia
58%
Hawaii
50%
Manhattan
50%
Mississippi
50%
Quebec
33%
Sydney
33%
No matching quizzes found
Score Distribution
Percent of People with Each Score
Percentile by Number Answered
Your Score History
You have not taken this quiz